| 000 | 02710cam a2200325 i 4500 | ||
|---|---|---|---|
| 001 | 991107524813206196 | ||
| 005 | 20251022144037.0 | ||
| 008 | 241010s2025 mau b 001 0 eng | ||
| 010 | _a 2024033266 | ||
| 020 | _a9798892791007 | ||
| 035 | _a(OCoLC)1460294963 | ||
| 035 | _a(OCoLC)on1460294963 | ||
| 040 |
_aDLC _beng _erda _cDLC _dOCLCO _dIG# _dYDX |
||
| 041 | _aeng | ||
| 042 | _apcc | ||
| 050 | 0 | 0 |
_aHF5549.5.T7 _bR3855 2025 |
| 245 | 0 | 0 | _aReskilling and upskilling. |
| 246 | 3 | 4 | _aReskilling + upskilling |
| 246 | 3 | _aReskilling plus upskilling | |
| 260 |
_aBoston, MA : _bHarvard Business Review Press, _c2025. |
||
| 300 |
_axvii, 197 pages : _billustrations (black and white) ; _c21 cm. |
||
| 490 | _aInsights you need from Harvard Business Review | ||
| 504 | _aIncludes bibliographical references and index. | ||
| 520 | _aAs the pace of technological change increases, the demand for new skills is accelerating. And as technologies like AI take on new tasks and jobs, smart organizations aren't simply waiting for their new workforce to appear. These companies are investing in reskilling their workers. They're adopting a skills-based approach to hiring and developing talent. And they're leveraging new digital learning technologies to upskill their employees dynamically and efficiently. What new approaches should your organization be taking to build the workforce you need-now and tomorrow? Reskilling and Upskilling: The Insights You Need from Harvard Business Review brings you today's most essential thinking on rebuilding and retraining your workforce, explains how to get the right skilling initiatives started at your company, and prepares your company to compete in the new skills economy. Business is changing. Will you adapt or be left behind? Get up to speed and deepen your understanding of the topics that are shaping your company's future with the Insights You Need from Harvard Business Review series. Featuring HBR's smartest thinking on fast-moving issues-blockchain, cybersecurity, AI, and more-each book provides the foundational introduction and practical case studies your organization needs to compete today and collects the best research, interviews, and analysis to get it ready for tomorrow. You can't afford to ignore how these issues will transform the landscape of business and society. The Insights You Need series will help you grasp these critical ideas-and prepare you and your company for the future. | ||
| 650 | 0 |
_aEmployees _xTraining of _923786 |
|
| 650 | 0 |
_aEmployees _xEffect of technological innovations on _925556 |
|
| 650 | 0 |
_aManpower planning _925557 |
|
| 710 |
_aHarvard Business Review Press (Firm) _eissuing body _925086 |
||
| 942 | _2lcc | ||
| 999 |
_c4787 _d4787 |
||